[Event "Tirol Landesliga 2223"]
[Site "Austria"]
[Date "2022.11.27"]
[Round "4.2"]
[White "Egartner, Wolfgang"]
[Black "Kinsiz, Onur"]
[Result "1/2-1/2"]
[WhiteElo "2012"]
[BlackElo "2188"]
[PlyCount "63"]
[EventDate "2022.10.01"]
[EventType "team-tourn"]
[EventRounds "9"]
[EventCountry "AUT"]
[SourceTitle "EXT 2024"]
[Source "ChessBase"]
[SourceDate "2023.10.10"]
[SourceVersion "1"]
[SourceVersionDate "2023.10.10"]
[SourceQuality "1"]
[WhiteTeam "Reutte"]
[BlackTeam "Schach ohne Grenzen"]
[WhiteTeamCountry "AUT"]
[BlackTeamCountry "AUT"]

1. d4 Nf6 2. Bg5 Ne4 3. Bf4 c5 4. f3 Qa5+ 5. c3 Nf6 6. Nd2 cxd4 7. Nb3 Qb6 8. Qxd4 Nc6 9. Qxb6 axb6 10. e4 d6 11. Bb5 Nd7 12. Ne2 Nc5 13. 0-0 e5 14. Be3 Be7 15. Nd2 Be6 16. Nc4 Bxc4 17. Bxc4 0-0 18. Nc1 Rfc8 19. Bd5 b5 20. Rd1 Bd8 21. Bxc6 Rxc6 22. Nd3 Nxd3 23. Rxd3 Kf8 24. a3 Bb6 25. Bxb6 Rxb6 26. Rad1 Ke7 27. Kf2 g6 28. g4 Rf8 29. Rg1 Ke6 30. g5 h6 31. h4 Rh8 32. Rdd1 1/2-1/2

[Event "Tirol Landesliga 2223"]
[Site "Austria"]
[Date "2022.11.26"]
[Round "3.1"]
[White "Schiestl, Josef"]
[Black "Kinsiz, Onur"]
[Result "1/2-1/2"]
[WhiteElo "2123"]
[BlackElo "2188"]
[PlyCount "60"]
[EventDate "2022.10.01"]
[EventType "team-tourn"]
[EventRounds "9"]
[EventCountry "AUT"]
[SourceTitle "EXT 2024"]
[Source "ChessBase"]
[SourceDate "2023.10.10"]
[SourceVersion "1"]
[SourceVersionDate "2023.10.10"]
[SourceQuality "1"]
[WhiteTeam "Fuegen/Mayrhofen/Zillertal"]
[BlackTeam "Schach ohne Grenzen"]
[WhiteTeamCountry "AUT"]
[BlackTeamCountry "AUT"]

1. e4 c5 2. Nc3 Nc6 3. Bb5 g6 4. Bxc6 bxc6 5. d3 Bg7 6. f4 d6 7. Nf3 Rb8 8. 0-0 Nh6 9. Qe1 f6 10. b3 0-0 11. Bd2 Nf7 12. h3 e5 13. fxe5 fxe5 14. Qg3 Qe8 15. Ng5 Rb7 16. Ne2 Nxg5 17. Qxg5 Rbf7 18. Ng3 Be6 19. Rxf7 Rxf7 20. Rf1 Rxf1+ 21. Nxf1 Qf8 22. Nh2 Qf6 23. Qg3 Qe7 24. Nf3 Bd7 25. Kf2 Be8 26. Kg1 Bd7 27. Be3 Be8 28. Bd2 Bd7 29. Be3 Be8 30. Bd2 Bd7 1/2-1/2

[Event "Tirol Landesliga 2223"]
[Site "Austria"]
[Date "2022.10.01"]
[Round "1.3"]
[White "Kinsiz, Onur"]
[Black "Hoellrigl, Wilfried"]
[Result "1/2-1/2"]
[WhiteElo "2188"]
[BlackElo "2163"]
[PlyCount "60"]
[EventDate "2022.10.01"]
[EventType "team-tourn"]
[EventRounds "9"]
[EventCountry "AUT"]
[SourceTitle "EXT 2024"]
[Source "ChessBase"]
[SourceDate "2023.10.10"]
[SourceVersion "1"]
[SourceVersionDate "2023.10.10"]
[SourceQuality "1"]
[WhiteTeam "Schach ohne Grenzen"]
[BlackTeam "Jenbach"]
[WhiteTeamCountry "AUT"]
[BlackTeamCountry "AUT"]

1. e4 c5 2. Nf3 Nc6 3. Bb5 g6 4. 0-0 Bg7 5. Re1 Nf6 6. e5 Nd5 7. Nc3 Nc7 8. Bxc6 dxc6 9. Ne4 Ne6 10. d3 0-0 11. Be3 b6 12. Qd2 Nd4 13. Nxd4 cxd4 14. Bh6 c5 15. Qf4 Bb7 16. Qh4 f6 17. Bxg7 Kxg7 18. exf6+ exf6 19. Qg3 Bxe4 20. Rxe4 Qd7 21. Rae1 Rae8 22. b3 Rxe4 23. Rxe4 Re8 24. Rxe8 Qxe8 25. Qc7+ Qf7 26. Qd6 Qe8 27. Kf1 Kf7 28. a4 Qe6 29. Qc7+ Qe7 30. Qc8 Qe6 1/2-1/2

[Event "TUR-chT Clubs"]
[Site "Konya"]
[Date "2019.07.19"]
[Round "6.5"]
[White "Soylemez, Baris"]
[Black "Kinsiz, Onur"]
[Result "0-1"]
[WhiteElo "1633"]
[BlackElo "2210"]
[PlyCount "130"]
[EventDate "2019.07.16"]
[EventType "team-swiss"]
[EventRounds "9"]
[EventCountry "TUR"]
[SourceTitle "CBM 191 Extra"]
[Source "ChessBase"]
[SourceDate "2019.09.30"]
[SourceVersion "1"]
[SourceVersionDate "2019.09.30"]
[SourceQuality "1"]
[WhiteTeam "Nazilli Belediyesi"]
[BlackTeam "Canakkale Doruk"]
[WhiteTeamCountry "TUR"]
[BlackTeamCountry "TUR"]

1. d4 Nf6 2. c4 e6 3. Nc3 Bb4 4. Qc2 c5 5. dxc5 0-0 6. Nf3 Na6 7. a3 Bxc3+ 8. Qxc3 Nxc5 9. Bg5 Nce4 10. Bxf6 Nxf6 11. e3 b6 12. Be2 Ba6 13. Rd1 Rc8 14. Qb4 Rc5 15. Nd4 Qc8 16. Nb5 Bxb5 17. cxb5 d5 18. 0-0 Qc7 19. a4 Rc8 20. Bd3 e5 21. Bf5 Rd8 22. Qe1 g6 23. Bh3 Ne4 24. Rc1 Rxc1 25. Qxc1 Qxc1 26. Rxc1 d4 27. Rd1 Nc5 28. f4 d3 29. fxe5 Nxa4 30. e6 Kf8 31. b3 Nc3 32. Rd2 Ne4 33. Rd1 d2 34. Bg4 Nc3 35. exf7 Nxd1 36. Bxd1 Kxf7 37. Kf2 Kf6 38. Ke2 Ke5 39. Bc2 Rd5 40. Kd1 Kd6 41. Ke2 Kc5 42. h3 Kb4 43. e4 Rd8 44. Bd1 Kc3 45. Ke3 Kb2 46. e5 Kc1 47. Bf3 d1Q 48. Bxd1 Kxd1 49. Ke4 Kc2 50. e6 Kxb3 51. Ke5 Kb4 52. e7 Ra8 53. Kf6 Kxb5 54. Kf7 a5 55. e8Q+ Rxe8 56. Kxe8 a4 57. Kf7 a3 58. Kg7 a2 59. Kxh7 a1Q 60. Kxg6 Qf1 61. g4 Qxh3 62. g5 Qh8 63. Kf7 Qh7+ 64. Kf6 Kc5 65. g6 Qg8 0-1

[Event "TUR-chT"]
[Site "Ankara"]
[Date "2018.07.29"]
[Round "6.6"]
[White "Bolat, Ahmet"]
[Black "Kinsiz, Onur"]
[Result "0-1"]
[WhiteElo "2124"]
[BlackElo "2204"]
[PlyCount "76"]
[EventDate "2018.07.25"]
[EventType "team-tourn"]
[EventRounds "13"]
[EventCountry "TUR"]
[SourceTitle "CBM 185 Extra"]
[Source "ChessBase"]
[SourceDate "2018.07.29"]
[SourceVersion "1"]
[SourceVersionDate "2018.07.29"]
[SourceQuality "1"]
[WhiteTeam "Genc Akademisyenler"]
[BlackTeam "Tarsus Zeka"]
[WhiteTeamCountry "TUR"]
[BlackTeamCountry "TUR"]

1. d4 Nf6 2. Nc3 d5 3. Bg5 Nbd7 4. f3 c6 5. Qd2 h6 6. Bh4 e5 7. e3 Bd6 8. Bd3 0-0 9. Nge2 Re8 10. 0-0-0 b5 11. Ng3 exd4 12. exd4 Nf8 13. Nh5 Be7 14. Nxf6+ Bxf6 15. Bf2 Qa5 16. Kb1 b4 17. Ne2 Ba6 18. Nc1 Bc4 19. h4 Ne6 20. Bf5 Qc7 21. g4 g6 22. Bxe6 Rxe6 23. Be3 Rae8 24. Bxh6 Be2 25. Nxe2 Rxe2 26. Qxb4 Qg3 27. Qc3 c5 28. Qxc5 Qb8 29. Qxd5 Qc7 30. Qc5 Qb7 31. Qd6 Be7 32. Qf4 Ba3 33. b3 Qc6 34. c4 Rb2+ 35. Ka1 Ree2 36. Rd2 Rbxd2 37. Qb8+ Re8 38. Qxa7 Qxf3 0-1

[Event "TUR-chT"]
[Site "Ankara"]
[Date "2018.07.27"]
[Round "3.2"]
[White "Keler, Faruk"]
[Black "Kinsiz, Onur"]
[Result "1-0"]
[WhiteElo "2286"]
[BlackElo "2204"]
[PlyCount "71"]
[EventDate "2018.07.25"]
[EventType "team-tourn"]
[EventRounds "13"]
[EventCountry "TUR"]
[SourceTitle "CBM 185 Extra"]
[Source "ChessBase"]
[SourceDate "2018.07.29"]
[SourceVersion "1"]
[SourceVersionDate "2018.07.29"]
[SourceQuality "1"]
[WhiteTeam "Rota Koleji Dernegi"]
[BlackTeam "Tarsus Zeka"]
[WhiteTeamCountry "TUR"]
[BlackTeamCountry "TUR"]

1. e4 d6 2. d4 Nf6 3. Nc3 e5 4. Nf3 Nbd7 5. Bc4 Be7 6. 0-0 0-0 7. Re1 c6 8. a4 b6 9. d5 cxd5 10. Nxd5 Bb7 11. b3 Rc8 12. Nxe7+ Qxe7 13. Nd2 Nc5 14. f3 Rfd8 15. Bb2 Qd7 16. Bf1 Nh5 17. Nc4 Nf4 18. Ne3 Ng6 19. Bc4 Nf4 20. Qd2 a6 21. Qb4 Qc7 22. Rad1 Rb8 23. Rd2 b5 24. axb5 axb5 25. Bf1 Ba8 26. Ra1 Qb6 27. Qa5 Qc6 28. Nf5 Ng6 29. Bxe5 Nxe4 30. fxe4 Qxe4 31. Rxd6 Re8 32. Rxg6 Qxe5 33. Rxg7+ Kh8 34. Rxf7 Bd5 35. Re1 Be4 36. Rxe4 1-0

[Event "Manavgat Turkey Cup"]
[Site "Manavgat"]
[Date "2015.02.07"]
[Round "11"]
[White "Kinsiz, Onur"]
[Black "Arslan, Erdal"]
[Result "1-0"]
[WhiteElo "2266"]
[BlackElo "1974"]
[PlyCount "199"]
[EventDate "2015.01.31"]
[EventType "swiss"]
[EventRounds "11"]
[EventCountry "TUR"]
[SourceTitle "CBM 164 Extra"]
[Source "ChessBase"]
[SourceDate "2015.03.02"]
[SourceVersion "1"]
[SourceVersionDate "2015.03.02"]
[SourceQuality "1"]

1. e4 e5 2. Bc4 Bc5 3. Nf3 Nf6 4. d3 Nc6 5. c3 0-0 6. Nbd2 h6 7. 0-0 d6 8. b4 Bb6 9. a4 a5 10. b5 Nb8 11. Bb3 Bg4 12. h3 Bh5 13. Re1 Nbd7 14. Nf1 Nc5 15. Bc2 Ne6 16. Ng3 Bg6 17. Be3 Bxe3 18. fxe3 Nh5 19. Nf5 Nf6 20. d4 Nd7 21. Rf1 Ng5 22. Nd2 Nf6 23. h4 Ne6 24. Qf3 h5 25. Qg3 Re8 26. Rae1 c6 27. bxc6 bxc6 28. Nc4 exd4 29. exd4 d5 30. Ne5 Qc7 31. Nh6+ Kh7 32. Nhxf7 Nf8 33. Ng5+ Kg8 34. Qf2 Rxe5 35. dxe5 Qxe5 36. exd5 Qxc3 37. Bxg6 Nxg6 38. dxc6 Qxc6 39. Re6 Qc3 40. Ne4 Nxe4 41. Qf7+ Kh8 42. Qxg6 Qd4+ 43. Kh2 Nf6 44. Rfxf6 Qxh4+ 45. Kg1 gxf6 46. Qh6+ Kg8 47. Qg6+ Kh8 48. Qh6+ Kg8 49. Rxf6 Qd4+ 50. Kf1 Qd1+ 51. Kf2 Qd4+ 52. Kg3 Qg4+ 53. Kh2 Qh4+ 54. Kg1 Qd4+ 55. Rf2 h4 56. Qg5+ Kh7 57. Qf5+ Kh6 58. Qe6+ Kg7 59. Qf7+ Kh8 60. Kh2 Qe5+ 61. Qf4 Re8 62. Qxe5+ Rxe5 63. Rf4 Rh5 64. Kh3 Rc5 65. Kxh4 Kg7 66. g4 Kg6 67. Rd4 Kf6 68. Rd6+ Kg7 69. Ra6 Kf7 70. g5 Rc4+ 71. Kh5 Rxa4 72. Ra7+ Kf8 73. Kg6 Ra1 74. Ra8+ Ke7 75. Kh7 a4 76. g6 Rh1+ 77. Kg8 Ra1 78. g7 a3 79. Ra7+ Ke8 80. Kh7 Rh1+ 81. Kg6 Rg1+ 82. Kf6 Rf1+ 83. Ke6 Re1+ 84. Kf6 Rf1+ 85. Ke6 Re1+ 86. Kd6 Rd1+ 87. Ke5 Rg1 88. Kf6 Rf1+ 89. Kg6 Rg1+ 90. Kh7 Rh1+ 91. Kg8 Ra1 92. Ra4 a2 93. Re4+ Kd7 94. Re2 Kd8 95. Rh2 Ke7 96. Kh7 Rg1 97. Rxa2 Rh1+ 98. Kg8 Ke8 99. Re2+ Kd7 100. Re4 1-0

[Event "TUR-chT"]
[Site "Kocaeli"]
[Date "2014.08.28"]
[Round "12.6"]
[White "Kinsiz, Onur"]
[Black "Yagiz, Yasin Emrah"]
[Result "1/2-1/2"]
[WhiteElo "2239"]
[BlackElo "2251"]
[PlyCount "25"]
[EventDate "2014.08.18"]
[EventType "team-tourn"]
[EventRounds "13"]
[EventCountry "TUR"]
[SourceTitle "CBM 162 Extra"]
[Source "ChessBase"]
[SourceDate "2014.10.17"]
[SourceVersion "1"]
[SourceVersionDate "2014.10.17"]
[SourceQuality "1"]
[WhiteTeam "Istanbul Teknik Uni"]
[BlackTeam "Ankara Demirspor"]
[WhiteTeamCountry "TUR"]
[BlackTeamCountry "TUR"]

1. e4 e5 2. Nf3 Nc6 3. Bc4 Bc5 4. c3 Qe7 5. d3 Nf6 6. Nbd2 0-0 7. 0-0 a6 8. Bb3 b5 9. h3 d6 10. Re1 Bb6 11. Nf1 Na5 12. Bc2 c5 13. Ng3 1/2-1/2

[Event "TUR-chT"]
[Site "Denizli"]
[Date "2013.07.08"]
[Round "11.4"]
[White "Kinsiz, Onur"]
[Black "Metin, Mehmet"]
[Result "1-0"]
[WhiteElo "2224"]
[BlackElo "2214"]
[PlyCount "85"]
[EventDate "2013.06.29"]
[EventType "team-tourn"]
[EventRounds "13"]
[EventCountry "TUR"]
[SourceTitle "CBM 155 Extra"]
[Source "ChessBase"]
[SourceDate "2013.08.26"]
[SourceVersion "1"]
[SourceVersionDate "2013.08.26"]
[SourceQuality "1"]
[WhiteTeam "Istanbul Teknik Uni"]
[BlackTeam "Er Bakir"]
[WhiteTeamCountry "TUR"]
[BlackTeamCountry "TUR"]

1. e4 c5 2. Nf3 Nc6 3. Bb5 g6 4. Bxc6 dxc6 5. d3 Bg4 6. Nbd2 Bg7 7. h3 Bxf3 8. Nxf3 Nf6 9. 0-0 0-0 10. Be3 b6 11. a4 Qc7 12. Qc1 e5 13. Bh6 Nh5 14. Bxg7 Kxg7 15. g3 a5 16. Qe3 Rae8 17. Nd2 h6 18. Nc4 Kh7 19. Rae1 Rg8 20. Kg2 Re6 21. Qd2 Qd8 22. Kh2 Qc7 23. Kg2 f5 24. exf5 gxf5 25. Qd1 Nf4+ 26. Kh2 Ng6 27. Qh5 Rf6 28. Re2 b5 29. Nd2 Qg7 30. Qf3 Qc7 31. Rfe1 Nh4 32. Qh5 Ng6 33. Qf3 Rff8 34. Qh5 e4 35. dxe4 Nf4 36. gxf4 Qxf4+ 37. Kh1 Rg5 38. Qf3 Qh4 39. exf5 Rgxf5 40. Re7+ Kh8 41. Qg3 Qd4 42. Qg6 Qd5+ 43. Ne4 1-0

[Event "TUR-chT"]
[Site "Denizli"]
[Date "2013.07.04"]
[Round "7.5"]
[White "Erden, Kadir"]
[Black "Kinsiz, Onur"]
[Result "0-1"]
[WhiteElo "2232"]
[BlackElo "2224"]
[PlyCount "116"]
[EventDate "2013.06.29"]
[EventType "team-tourn"]
[EventRounds "13"]
[EventCountry "TUR"]
[SourceTitle "CBM 155 Extra"]
[Source "ChessBase"]
[SourceDate "2013.08.26"]
[SourceVersion "1"]
[SourceVersionDate "2013.08.26"]
[SourceQuality "1"]
[WhiteTeam "Kahramanmaras Belediye"]
[BlackTeam "Istanbul Teknik Uni"]
[WhiteTeamCountry "TUR"]
[BlackTeamCountry "TUR"]

1. d4 Nf6 2. Nf3 e6 3. c4 Bb4+ 4. Bd2 Qe7 5. Nc3 b6 6. g3 Bb7 7. Bg2 0-0 8. 0-0 d6 9. Qc2 Bxc3 10. Bxc3 Be4 11. Qc1 Nbd7 12. b4 c5 13. dxc5 bxc5 14. Rd1 Rac8 15. b5 d5 16. Qa3 Nb6 17. cxd5 Nfxd5 18. Ne5 Bxg2 19. Kxg2 Qb7 20. Kg1 Na4 21. Bd2 Qxb5 22. e4 Ndb6 23. Qb3 Qe2 24. Be3 c4 25. Qb4 c3 26. Re1 Qb2 27. Qe7 c2 28. Nf3 Nc3 29. Bd4 Ne2+ 30. Rxe2 Qxa1+ 31. Bxa1 c1Q+ 32. Re1 Qc7 33. Qh4 f6 34. e5 Qc4 35. Bd4 f5 36. Qh5 Qd5 37. Bxb6 axb6 38. Ng5 h6 39. Nh3 Qd2 40. Re3 Rc1+ 41. Kg2 Qd5+ 42. Qf3 Qxf3+ 43. Rxf3 g5 44. Rb3 Rc6 45. Ng1 Ra8 46. a3 Ra4 47. Nf3 Re4 48. Rd3 Kf7 49. h3 Ke7 50. h4 g4 51. Nd4 Rc5 52. f4 Rc4 53. Nb5 Re2+ 54. Kf1 Rec2 55. Ke1 Rc5 56. Kd1 Rc1+ 57. Kd2 R5c2+ 58. Ke3 Re1+ 0-1

[Event "TUR-ch"]
[Site "Antalya"]
[Date "2013.02.06"]
[Round "7"]
[White "Kinsiz, Onur"]
[Black "Okus, Melih"]
[Result "1/2-1/2"]
[WhiteElo "2196"]
[BlackElo "2000"]
[PlyCount "65"]
[EventDate "2013.02.02"]
[EventType "swiss"]
[EventRounds "11"]
[EventCountry "TUR"]
[SourceTitle "CBM 152 Extra"]
[Source "ChessBase"]
[SourceDate "2013.02.25"]
[SourceVersion "1"]
[SourceVersionDate "2013.02.25"]
[SourceQuality "1"]

1. e4 c5 2. Nf3 Nc6 3. d4 cxd4 4. Nxd4 Nf6 5. Nc3 g6 6. Nxc6 bxc6 7. e5 Ng8 8. Bc4 Bg7 9. Qf3 f5 10. Bf4 e6 11. 0-0-0 Qb6 12. h4 Ne7 13. Bb3 Nd5 14. Nxd5 cxd5 15. h5 Bb7 16. hxg6 hxg6 17. Rxh8+ Bxh8 18. Qg3 0-0-0 19. Be3 Qa5 20. f4 Rg8 21. Qf2 Kb8 22. Kb1 g5 23. g3 Bg7 24. Bc5 gxf4 25. gxf4 Bf8 26. Bd4 Be7 27. a3 Rc8 28. Rg1 Bc5 29. Rg7 Bxd4 30. Qxd4 Bc6 31. Ka2 Qb6 32. Qd2 Qc5 33. Rg3 1/2-1/2

[Event "TUR-ch"]
[Site "Antalya"]
[Date "2013.02.05"]
[Round "6"]
[White "Gurel, Ahmet Unal"]
[Black "Kinsiz, Onur"]
[Result "0-1"]
[WhiteElo "1995"]
[BlackElo "2196"]
[PlyCount "108"]
[EventDate "2013.02.02"]
[EventType "swiss"]
[EventRounds "11"]
[EventCountry "TUR"]
[SourceTitle "CBM 152 Extra"]
[Source "ChessBase"]
[SourceDate "2013.02.25"]
[SourceVersion "1"]
[SourceVersionDate "2013.02.25"]
[SourceQuality "1"]

1. d4 Nf6 2. c4 e5 3. dxe5 Ng4 4. Bf4 g5 5. Bg3 Bg7 6. e4 Nxe5 7. Nc3 Nbc6 8. Be2 d6 9. Nf3 Be6 10. Nxe5 Nxe5 11. Rc1 Qd7 12. b3 h5 13. h4 g4 14. Bf4 0-0-0 15. Qd2 Kb8 16. Nb5 a6 17. Nd4 Ng6 18. Bg5 Rde8 19. b4 f5 20. exf5 Bxf5 21. Nxf5 Qxf5 22. 0-0 Ne5 23. Qd5 Rhf8 24. b5 Nf3+ 25. Bxf3 gxf3 26. Qxf5 Rxf5 27. bxa6 b6 28. Rfe1 Ref8 29. Rc2 Bd4 30. Re4 Be5 31. gxf3 Rxf3 32. Kg2 Ka7 33. Rce2 Kxa6 34. R4e3 R3f5 35. Ra3+ Kb7 36. f3 Kc6 37. Re4 Bf4 38. Bxf4 Rxf4 39. Rae3 Kc5 40. Kg3 R4f5 41. f4 Ra8 42. Re2 Ra3+ 43. R4e3 Rxe3+ 44. Rxe3 Kxc4 45. Kf3 Rf7 46. Re6 d5 47. Ke3 c5 48. Rxb6 d4+ 49. Ke4 Re7+ 50. Kf5 d3 51. Rd6 Kc3 52. Kf6 Re4 53. f5 Rd4 54. Rxd4 cxd4 0-1

[Event "TUR-chT"]
[Site "Konya"]
[Date "2012.07.20"]
[Round "11"]
[White "Ozkan, Ervin"]
[Black "Kinsiz, Onur"]
[Result "0-1"]
[WhiteElo "2227"]
[BlackElo "2166"]
[PlyCount "140"]
[EventDate "2012.07.11"]
[EventType "team-tourn"]
[EventRounds "13"]
[EventCountry "TUR"]
[SourceTitle "CBM 149 Extra"]
[Source "ChessBase"]
[SourceDate "2012.08.24"]
[SourceVersion "1"]
[SourceVersionDate "2012.08.24"]
[SourceQuality "1"]
[WhiteTeam "Ceyhan Belediye"]
[BlackTeam "Istanbul Teknik Uni"]
[WhiteTeamCountry "TUR"]
[BlackTeamCountry "TUR"]

1. d4 Nf6 2. Nf3 e6 3. Bf4 c5 4. c3 b6 5. e3 Bb7 6. Nbd2 cxd4 7. cxd4 Be7 8. h3 0-0 9. Bd3 d6 10. 0-0 Nc6 11. Bh2 Rc8 12. a3 Re8 13. Rc1 Bf8 14. e4 e5 15. d5 Nb8 16. Qe2 g6 17. Qe3 Qd7 18. Nb1 Ba6 19. Bxa6 Nxa6 20. b4 Nc7 21. Nbd2 Qa4 22. g4 Nb5 23. g5 Nh5 24. Nb1 Bg7 25. Nc3 Nxc3 26. Rxc3 Rxc3 27. Qxc3 Nf4 28. Bxf4 exf4 29. Qc6 Qxc6 30. dxc6 b5 31. Rd1 Rc8 32. Rxd6 Bf8 33. Rd7 Rxc6 34. Rxa7 Rc1+ 35. Kg2 Ra1 36. Ra5 h6 37. gxh6 Bxh6 38. Nd4 Bg7 39. Nxb5 Rd1 40. Ra8+ Kh7 41. Ra7 Kg8 42. Rc7 Rd3 43. Rc5 Rb3 44. e5 g5 45. e6 fxe6 46. Rxg5 Kh7 47. Rc5 Kg6 48. Rc2 Be5 49. f3 Bb2 50. Re2 e5 51. Re1 Rd3 52. Re2 Rb3 53. Rc2 Kg5 54. Rd2 Kh4 55. Re2 Kg5 56. Nd6 Bd4 57. Ne4+ Kh4 58. Ra2 Rb1 59. Nf2 Rb3 60. a4 Rxb4 61. a5 Ba7 62. a6 Rb1 63. Re2 Ra1 64. Kh2 Rxa6 65. Ng4 e4 66. fxe4 f3 67. Rb2 Ra1 68. Nf2 Be3 69. Nd3 Bg1+ 70. Kh1 Bf2+ 0-1

[Event "TUR-chT"]
[Site "Konya"]
[Date "2012.07.16"]
[Round "7"]
[White "Komut, Kaan"]
[Black "Kinsiz, Onur"]
[Result "1-0"]
[WhiteElo "1996"]
[BlackElo "2166"]
[PlyCount "71"]
[EventDate "2012.07.11"]
[EventType "team-tourn"]
[EventRounds "13"]
[EventCountry "TUR"]
[SourceTitle "CBM 149 Extra"]
[Source "ChessBase"]
[SourceDate "2012.08.24"]
[SourceVersion "1"]
[SourceVersionDate "2012.08.24"]
[SourceQuality "1"]
[WhiteTeam "Denizli Pamukkale Uni"]
[BlackTeam "Istanbul Teknik Uni"]
[WhiteTeamCountry "TUR"]
[BlackTeamCountry "TUR"]

1. e4 c5 2. Nf3 Nc6 3. Nc3 e5 4. Bc4 Be7 5. Nd5 d6 6. h3 Nf6 7. Nxf6+ Bxf6 8. 0-0 Be6 9. d3 0-0 10. Bd5 Bxd5 11. exd5 Ne7 12. c4 b5 13. Rb1 Rb8 14. Bd2 b4 15. Kh2 Ng6 16. Qc1 Be7 17. g3 f5 18. Bg5 h6 19. Bxe7 Qxe7 20. Qe3 Qf6 21. Nd2 Rbe8 22. b3 Ne7 23. Rbe1 g5 24. f4 gxf4 25. gxf4 Ng6 26. fxe5 Rxe5 27. Qxh6 Rfe8 28. Rg1 Re2+ 29. Kh1 Kf7 30. Nf3 Nf8 31. Qh5+ Ke7 32. Nd4 cxd4 33. Qxe2+ Kd7 34. Qf2 Qf7 35. Ref1 Qf6 36. Qxf5+ 1-0

[Event "TUR-ch"]
[Site "Kemer"]
[Date "2012.02.05"]
[Round "10"]
[White "Tasan, Mehmet Askin"]
[Black "Kinsiz, Onur"]
[Result "1/2-1/2"]
[WhiteElo "1989"]
[BlackElo "2213"]
[PlyCount "35"]
[EventDate "2012.01.29"]
[EventType "swiss"]
[EventRounds "10"]
[EventCountry "TUR"]
[SourceTitle "CBM 146 Extra"]
[Source "ChessBase"]
[SourceDate "2012.02.29"]
[SourceVersion "1"]
[SourceVersionDate "2012.02.29"]
[SourceQuality "1"]

1. d4 Nf6 2. Nf3 e6 3. c4 Bb4+ 4. Bd2 Qe7 5. a3 Bxd2+ 6. Nbxd2 d6 7. e4 e5 8. Qc2 exd4 9. Nxd4 0-0 10. Bd3 c5 11. Ne2 Nc6 12. 0-0 Re8 13. h3 Ne5 14. Nc3 b6 15. Rae1 Bb7 16. Nd5 Bxd5 17. exd5 Qf8 18. Re3 1/2-1/2

[Event "TUR-ch"]
[Site "Kemer"]
[Date "2012.02.04"]
[Round "9"]
[White "Kinsiz, Onur"]
[Black "Zor, Alber Kadir"]
[Result "1-0"]
[WhiteElo "2213"]
[BlackElo "1879"]
[PlyCount "127"]
[EventDate "2012.01.29"]
[EventType "swiss"]
[EventRounds "10"]
[EventCountry "TUR"]
[SourceTitle "CBM 146 Extra"]
[Source "ChessBase"]
[SourceDate "2012.02.29"]
[SourceVersion "1"]
[SourceVersionDate "2012.02.29"]
[SourceQuality "1"]

1. e4 d5 2. exd5 Qxd5 3. Nc3 Qd6 4. d4 Nf6 5. Bc4 g6 6. Nge2 Bg7 7. Bf4 Qd8 8. Qd2 0-0 9. h4 c6 10. h5 b5 11. Bd3 Na6 12. Ne4 Nc7 13. hxg6 fxg6 14. Bh6 Rf7 15. Ng5 Bxh6 16. Rxh6 Rg7 17. 0-0-0 Ne6 18. Nxe6 Bxe6 19. Nf4 Bf7 20. Qe2 Qd6 21. Qf3 Rd8 22. g4 Nd5 23. Nh5 Nb4 24. Nxg7 Nxa2+ 25. Kd2 Kxg7 26. Rdh1 Bg8 27. c3 c5 28. d5 Qxd5 29. Qxd5 Rxd5 30. Kc2 c4 31. Be4 Re5 32. f3 b4 33. R6h2 b3+ 34. Kd2 Re6 35. Bb1 Rf6 36. Rf2 Bd5 37. Rhf1 Ra6 38. f4 Kf6 39. Re2 Be6 40. f5 Rd6+ 41. Ke3 gxf5 42. gxf5 Bf7 43. Rd2 Rxd2 44. Kxd2 h5 45. Ke3 Ke5 46. Rg1 a5 47. Rg7 Kf6 48. Rh7 a4 49. Rh6+ Kg7 50. Ra6 Be8 51. Kf4 Nc1 52. Kg5 Nd3 53. Ra7 Kf8 54. f6 e5 55. Rc7 h4 56. Rxc4 Nf4 57. Kxh4 Kf7 58. Kg5 Bd7 59. Bf5 Ne6+ 60. Bxe6+ Kxe6 61. Kg6 Be8+ 62. Kg7 Kd5 63. Rxa4 e4 64. Ra8 1-0